CounterStrike 2 / Global Offensive (CS2 / CSGO) - Major Champions - Statistics

General Stats
  • This quiz has been taken 9,891 times
    2,310 since last reset
  • The average score is 56 of 88
Answer Stats
Answer % Correct
Natus Vincere
95%
Team Vitality
94%
FaZe Clan
92%
Team Spirit
91%
Astralis
90%
Fnatic
88%
Ninjas in Pyjamas
85%
s1mple
85%
ZywOo
85%
apEX
84%
donk
84%
Virtus Pro
84%
ropz
82%
Cloud9
80%
karrigan
80%
dev1ce
79%
flameZ
76%
Magisk
76%
b1t
75%
Outsiders
75%
sh1ro
75%
SK Gaming
75%
chopper
74%
jL
74%
mezii
74%
magixx
73%
rain
73%
Aleksib
72%
dupreeh
72%
broky
71%
electroNic
71%
Gambit Esports
71%
w0nderful
71%
iM
70%
pashaBiceps
70%
Team EnVyUs
70%
Luminosity Gaming
69%
coldzera
68%
FalleN
68%
kennyS
68%
olofmeister
67%
zont1x
67%
GeT_RiGhT
66%
gla1ve
66%
Jame
66%
Twistzz
66%
Stewie2K
65%
JW
64%
f0rest
63%
Xyp9x
63%
Snax
62%
Flusha
61%
Spinx
61%
Team LDLC.com
61%
NEO
59%
TaZ
59%
Boombl4
57%
Perfecto
55%
Happy
54%
TACO
54%
fer
53%
KRiMZ
53%
Skadoodle
52%
tarik
52%
Zeus
52%
Dosia
50%
fame
50%
HObbit
50%
byali
49%
mou
49%
shox
49%
NBK
48%
Kjaerbye
46%
FL1T
44%
fnx
43%
friberg
43%
AdreN
41%
autimatic
41%
n0rb3r7
41%
pronax
40%
RUSH
40%
kioShiMa
38%
qikert
37%
Xizt
36%
Devilwalk
31%
Fifflaren
31%
SmithZz
31%
schneider
25%
No matching quizzes found
Score Distribution
Percent of People with Each Score
Percentile by Number Answered
Your Score History
You have not taken this quiz since the last reset